| 000 | 01467nam a22003617a 4500 | ||
|---|---|---|---|
| 003 | CHAP | ||
| 005 | 20220329135109.0 | ||
| 008 | 971013s r 00010 d | ||
| 010 | _a30860 | ||
| 011 | _a31832 | ||
| 035 | _a35944 | ||
| 040 | _cCHAP | ||
| 082 |
_a635 _bN3 |
||
| 110 |
_aNational Vegetable Research Station. Stratford-Upon-Avon, England _980388 |
||
| 245 | _aAnnual report, 19- | ||
| 260 |
_aWellesbourne, Worwick : _bThe British Society for the Promotion of Vegetable Research, _c19- |
||
| 300 | _av. | ||
| 500 | _aLa biblioteca tiene : 1980, 1981, 1982, 1983, 1984, 1985, 1986-87 | ||
| 590 |
_aBATCH-UPD _b10 _c20130110 _lUCH01 _h0127 |
||
| 590 |
_aBATCH-UPD _b10 _c20130409 _lUCH01 _h2121 |
||
| 590 |
_aBATCH-UPD _b10 _c20130914 _lUCH01 _h1623 |
||
| 590 |
_aCONVERSION _b10 _c20130109 _lUCH01 _h1317 |
||
| 650 | 1 | 4 |
_aHorticultura _xInvestigación. _956343 |
| 901 | _aBK | ||
| 942 | _cLIBRO | ||
| 949 |
_a635 N3 _bBC _cLIBRO _d33724000234415 _eLIBRO _f1986-87 _h72234 _i35944 _si |
||
| 949 |
_a635 N3 _bBC _cLIBRO _d33724000234423 _eLIBRO _f1984 _h65936 _i35944 _si |
||
| 949 |
_a635 N3 _bBC _cLIBRO _d33724000234530 _eLIBRO _f1985 _h68929 _i35944 _si |
||
| 949 |
_a635 N3 _bBC _cLIBRO _d33724000234548 _eLIBRO _f1981 _h71270 _i35944 _si |
||
| 949 |
_a635 N3 _bBC _cLIBRO _d33724000234555 _eLIBRO _f1983 _h62847 _i35944 _si |
||
| 949 |
_a635 N3 _bBC _cLIBRO _d33724000234662 _eLIBRO _f1980 _h58360 _i35944 _si |
||
| 949 |
_a635 N3 _bBC _cLIBRO _d33724000234670 _eLIBRO _f1982 _h62957 _i35944 _si |
||
| 999 |
_c30860 _d30860 |
||